Catálogo

Imperialismo y comercio internacional : (Registro nro. 66421)

Detalles MARC
000 -LEADER
fixed length control field 00953nam a2200289 u 4500
001 - CONTROL NUMBER
control field 66421
005 - DATE AND TIME OF LATEST TRANSACTION
control field 20180714074157.0
008 - FIXED-LENGTH DATA ELEMENTS--GENERAL INFORMATION
fixed length control field 161021s1990 mx r 000 0 spa d
020 ## - INTERNATIONAL STANDARD BOOK NUMBER
International Standard Book Number 9682315905
041 ## - LANGUAGE CODE
Language code of text/sound track or separate title spa
082 0# - DEWEY DECIMAL CLASSIFICATION NUMBER
Classification number 337
Item number AMI
100 1# - MAIN ENTRY--PERSONAL NAME
Personal name Amin, Samir,
Relator term autor
245 10 - TITLE STATEMENT
Title Imperialismo y comercio internacional :
Remainder of title el intercambio desigual /
Statement of responsibility, etc. por Samir Amin, Charles Bettelheim, Arghiri Emmanuel, Christian Palloix.
250 ## - EDITION STATEMENT
Edition statement Decimoprimera edición
264 #1 - PRODUCTION, PUBLICATION, DISTRIBUTION, MANUFACTURE, AND COPYRIGHT NOTICE
Place of production, publication, distribution, manufacture México :
Name of producer, publisher, distributor, manufacturer Siglo xxi editores,
Date of production, publication, distribution, manufacture, or copyright notice 1990
300 ## - PHYSICAL DESCRIPTION
Extent 214 páginas ;
Dimensions 21 cm.
336 ## - CONTENT TYPE
Content type term texto
Source rdacontent
337 ## - MEDIA TYPE
Media type term sin mediación
Source rdamedia
338 ## - CARRIER TYPE
Carrier type term volumen
Source rdacarrier
490 0# - SERIES STATEMENT
Series statement Economía y demografía
650 #4 - SUBJECT ADDED ENTRY--TOPICAL TERM
Topical term or geographic name entry element Comercio internacional
650 #4 - SUBJECT ADDED ENTRY--TOPICAL TERM
Topical term or geographic name entry element Economía internacional
650 #4 - SUBJECT ADDED ENTRY--TOPICAL TERM
Topical term or geographic name entry element Economía política
650 #4 - SUBJECT ADDED ENTRY--TOPICAL TERM
Topical term or geographic name entry element Capitalismo
700 1# - ADDED ENTRY--PERSONAL NAME
Personal name Bettelheim, Charles,
Relator term autor
700 1# - ADDED ENTRY--PERSONAL NAME
Personal name Palloix, Christian,
Relator term autor
Existencias
Withdrawn status Lost status Source of classification or shelving scheme Damaged status Not for loan Collection code Home library Current library Shelving location Date acquired Source of acquisition Inventory number Total Checkouts Full call number Barcode Date last seen Price effective from Koha item type
    Dewey Decimal Classification     General Biblioteca Karol Wojtyla Biblioteca Karol Wojtyla Sala general 21/10/2016 Compra 151000000000000000052247   337 AMI 1990 96645 05/01/2026 22/11/2016 Libro